বাঙলাদেশে সংসদীয় গণতন্ত্র / (Record no. 39249)
[ view plain ]
| 000 -LEADER | |
|---|---|
| fixed length control field | 00838nam a2200229 a 4500 |
| 001 - CONTROL NUMBER | |
| control field | 39249 |
| 003 - CONTROL NUMBER IDENTIFIER | |
| rucl marc code | BD-RjUL |
| 005 - DATE AND TIME OF LATEST TRANSACTION | |
| control field | 20211209052942.0 |
| 008 - FIXED-LENGTH DATA ELEMENTS--GENERAL INFORMATION | |
| fixed length control field | 160406m20132005bg ||||e |||| 00| 0 ben d |
| 020 ## - INTERNATIONAL STANDARD BOOK NUMBER | |
| Terms of availability | tk. 160.00 |
| 035 ## - SYSTEM CONTROL NUMBER | |
| System control number | (BD-RjUL)39361 |
| 040 ## - CATALOGING SOURCE | |
| Original cataloging agency | BD-RjUL |
| Language of cataloging | ben |
| Transcribing agency | BD-RjUL |
| 041 ## - LANGUAGE CODE | |
| Language code of text/sound track or separate title | ben |
| 082 ## - DEWEY DECIMAL CLASSIFICATION NUMBER | |
| Edition number | 23 |
| Classification number | 320.95492 |
| Author mark and year | UMB 2003 |
| 100 ## - MAIN ENTRY--PERSONAL NAME | |
| Personal name | উমর, বদরুদ্দীন |
| 9 (RLIN) | 116667 |
| 245 ## - TITLE STATEMENT | |
| Title | বাঙলাদেশে সংসদীয় গণতন্ত্র / |
| Statement of responsibility, etc. | বদরুদ্দীন উমর |
| 260 ## - PUBLICATION, DISTRIBUTION, ETC. (IMPRINT) | |
| Place of publication, distribution, etc. | ঢাকা : |
| Name of publisher, distributor, etc. | সাহিত্যিকা, |
| Date of publication, distribution, etc. | ২০০৩. |
| 300 ## - PHYSICAL DESCRIPTION | |
| Pagination | ২২৪ পৃ. ; |
| Size | ২১সেমি. |
| 650 ## - SUBJECT ADDED ENTRY--TOPICAL TERM | |
| Topical term or geographic name as entry element | রাজনীতি ও সরকার |
| Geographic subdivision | বাংলাদেশ |
| 9 (RLIN) | 121023 |
| Topical term or geographic name as entry element | Politics and government |
| Geographic subdivision | Bangladesh |
| 9 (RLIN) | 121024 |
| 942 ## - ADDED ENTRY ELEMENTS (KOHA) | |
| Source of classification or shelving scheme | Dewey Decimal Classification |
| Koha item type | Books |
| Lost status | Source of classification or shelving scheme | Damaged status | Not for loan | Collection code | Permanent Location | Current Location | Shelving location | Date acquired | Source of acquisition | Cost, normal purchase price | Total Checkouts | Full call number | Date last seen | Copy number | Koha item type |
|---|---|---|---|---|---|---|---|---|---|---|---|---|---|---|---|
| Dewey Decimal Classification | Not For Loan | Non-fiction | Central Library, University of Rajshahi | Central Library, University of Rajshahi | Reading Room | 30/07/2013 | Jatiya Sahitya Prakash, dhaka | 160.00 | B 320.95492 UMB 2003 | 06/04/2016 | C-1 | Books | |||
| Dewey Decimal Classification | Non-fiction | Central Library, University of Rajshahi | Central Library, University of Rajshahi | 30/07/2013 | Jatiya Sahitya Prakash, dhaka | 160.00 | B 320.95492 UMB 2003 | 06/04/2016 | C-2 | Books | |||||
| Dewey Decimal Classification | Non-fiction | Central Library, University of Rajshahi | Central Library, University of Rajshahi | 30/07/2013 | Jatiya Sahitya Prakash, dhaka | 160.00 | B 320.95492 UMB 2003 | 06/04/2016 | C-3 | Books |